No puede denegarse el otorgamiento de escritura pública solo por estar ante un contrato innominado (Registro nro. 22593)
[ vista simple ]
| 000 -Cabecera | |
|---|---|
| Campo de control interno | 02084nam a2200217 4500 |
| 001 - Número de control | |
| control field | ESSALUD |
| 005 - Fecha y hora de la última transacción | |
| Campo de control | 20260701114259.0 |
| 007 - Tipo material - Descripcion fisica - info general | |
| Tipo material - Descripcion fisica - info general | ta |
| 008 - Elementos de Longitud Fija - Información General | |
| Elementos de Longitud Fija - Información | t pe ||||| |||| 00| 0 spa d |
| 040 ## - Origen de la Catalogación | |
| Origen de la Catalogación | BMG |
| 041 ## - Idioma | |
| Idioma | spa |
| 100 ## - Autor | |
| Autor | Corte Suprema de Justicia de la República. Sala Civil Permanente |
| Rol del Autor | Autor |
| 9 (RLIN) | 53005 |
| 245 ## - Titulo | |
| Titulo | No puede denegarse el otorgamiento de escritura pública solo por estar ante un contrato innominado |
| 300 ## - Páginas | |
| Paginación | páginas 23-31 |
| 520 ## - Resumen | |
| Resumen | La Sala de mérito ha restringido la escrituración solicitada por los demandantes al adentrarse al análisis del título jurídico, circunscribiendo el título en solo contratos nominados sin atender que el término contrato resulta bastante amplio, omitiendo la existencia de acuerdo de voluntades dentro de dicho documento, y que no se ha declarado como título inválido. Además, debe tenerse presente que el IX Pleno Casatorio Civil hace referencia al control de eficacia del negocio jurídico que se pretende formalizar en los siguientes términos: "( ... ) IV.5. El proceso de calificación del negocio jurídico. 21. El negocio jurídico ha de ser portador de intereses dignos de protección Y las reglas que las partes se han impuesto a sí mismas como mecanismos para alcanzar la satisfacción de aquellos intereses, han de guardar conformidad con las normas del ordenamiento jurídico. Es así que se habla de un proceso de calificación del negocio jurídico que permitirá concluir, no solo si este se ha celebrado con arreglo a derecho, sino, además, si ha producido sus efectos y si estos conservan vigor o si por alguna circunstancia no resultan exigibles o han venido a menos. Esta calificación se realiza en tres niveles: relevancia/irrelevancia, validez/invalidez y eficacia/ineficacia". |
| 650 ## - Temas - Descriptores | |
| Temas - Descriptores | ESCRITURAS PUBLICAS |
| 9 (RLIN) | 53047 |
| 650 ## - Temas - Descriptores | |
| Temas - Descriptores | CONTRATOS |
| 9 (RLIN) | 337 |
| 650 ## - Temas - Descriptores | |
| Temas - Descriptores | ENRIQUECIMIENTO INDEBIDO |
| 9 (RLIN) | 53043 |
| 773 0# - Revista (Relacion con el numero) | |
| Host Biblionumber | 22573 |
| Host Itemnumber | 22621 |
| Ciudad, Editorial | Lima Grupo Praxis Formación Profesional, 2026- |
| Codigo barras item/ejemplar | PRA002 |
| Titulo de la Revista | Praxis Civil & Procesal Civil |
| Número de control de registro | ESSALUD |
| ISSN | 3119-7671 |
| 942 ## - Elementos de Koha | |
| Tipo de Documento | Artículos |
| Fecha procesamiento | 2026-07-01 |
| Catalogador | sqb |
No hay ítems disponibles.